LEADER 01188nam a22002411i 4500 001 991002357879707536 005 20030605090638.0 008 030925s1986 it |||||||||||||||||ita 035 $ab12277587-39ule_inst 035 $aARCHE-032515$9ExL 040 $aBiblioteca Interfacoltà$bita$cA.t.i. Arché s.c.r.l. Pandora Sicilia s.r.l. 245 02$aL'education bilingue precoce :$baspects socio-psychologiques et institutionnels : actes du colloque international organise par l'Assessorat regional a l'instruction publique de la Valle d'Aosta ... juin 1984 /$cpar le soins de Rita Decim 260 $a[S.l. :$bs.n.],$c1986$e(Aosta :$fMesumeci) 300 $a226 p., [2] p. di tav. ;$c24 cm 650 4$aLingue straniere$xInsegnamento$xScuola materna$xCongressi$xSaint-Vincent$y1984 650 4$aPlurilinguismo$xCongressi$xSaint-Vincent$y1984 700 1 $aDecime, Rita 907 $a.b12277587$b02-04-14$c08-10-03 912 $a991002357879707536 945 $aLE002 Ps. III G 10$g1$i2002000023988$lle002$o-$pE0.00$q-$rl$s- $t0$u0$v0$w0$x0$y.i12669908$z08-10-03 996 $aEducation bilingue precoce$9165301 997 $aUNISALENTO 998 $ale002$b08-10-03$cm$da $e-$fita$git $h2$i1 LEADER 01135nam a2200277 i 4500 001 991001783329707536 005 20020507151700.0 008 000703s1976 it ||| | ita 035 $ab11563461-39ule_inst 035 $aLE02725138$9ExL 040 $aDip.to Studi Giuridici$bita 082 0 $a3342.0852 110 2 $aSanta Sede$039557 245 12$aI concordati di Pio 12. :$b(1939-1958) :$bBelgio, Germania, Portogallo, Spagna, Argentina, Bolivia, Colombia, Rep. Dominicana, Haiti /$ca cura di Pio Ciprotti ed Anna Talamanca 260 $aMilano :$bA. Giuffrè,$c1976 300 $a130 p. ;$c25 cm. 490 0 $aTesti per esercitazioni dell'Università degli studi di Camerino, Istituto giuridico. Sez. 11 ;$v7 650 4$aConcordati$y1939-1958 700 1 $aTalamanca, Anna 700 1 $aCiprotti, Pio 907 $a.b11563461$b01-03-17$c02-07-02 912 $a991001783329707536 945 $aLE027 342.0852 CIP01.01$g1$i2027000177257$lle027$o-$pE0.00$q-$rl$s- $t0$u0$v0$w0$x0$y.i11766426$z02-07-02 996 $aConcordati di Pio 12.$9895562 997 $aUNISALENTO 998 $ale027$b01-01-00$cm$da $e-$fita$git $h2$i1